000 00575nam a22001937a 4500
999 _c164777
_d164777
005 20190527124423.0
010 _aENG-125318
020 _a9788186921531
_c1000.00
035 _aEN-108850
037 _bDBAD/PUB
082 _a303.372
245 _aMorality and social justice /
_ced. by Abha Singh
260 _aNew Delhi
_bDecent Books
_c2010
270 _aD-36/A-1, Mohan Garden Najafgarh Road
_bNew Delhi
_e110059
_k011-25353435
300 _a432p.
_c22cm(Hb)
500 _aIncludes index
700 _aSingh, Abha
942 _2ddc
_cEN
_h303.372
_mMOR